| 000 | 00860nam a22002177a 4500 | ||
|---|---|---|---|
| 005 | 2009100804074.0 | ||
| 008 | 091008t xxu||||| |||| 00| 0 eng d | ||
| 010 | _aENG-95102 | ||
| 020 |
_a978818488650 _c260.00 |
||
| 035 | _aEN-78635 | ||
| 037 | _bDBAD/PNB | ||
| 040 |
_aDPL _bENG |
||
| 082 | _a658.87 | ||
| 100 | _aTripathi, Aditya Prakash | ||
| 245 |
_aFundamentals of retailing : _cAditya Prakash Tripathi [and] Noopur Agrawal ; Froeword by B.P.Singh _b(text and cases) |
||
| 260 |
_aMumbai _bHimalaya Publishing House _c2009 |
||
| 270 |
_aRamdood, Dr. Bhalerao Marg _bMumbai _e400004 |
||
| 300 |
_aviii. 331p. _c24cm.(Pbk) |
||
| 942 |
_2ddc _cEN _mTRI _h658.87 |
||
| 999 |
_c30859 _d30859 |
||